000
00307 a2200157 4500
001
164568
020
_a
040
_c
Magnum
100
_a
Baker, Stephen
240
1
0
_a
Odeio reunioes
_l
por
245
1
0
_a
Odeio reunioes
362
0
_a
1899
440
1
_a
Melhoramentos
697
_a
GERAL
942
_c
BK
999
_c
164568
_d
164568